Top 15 current NFL WRs - Statistics

General Stats
  • This quiz has been taken 92 times
  • The average score is 9 of 15
Answer Stats
Hint Answer % Correct
2 Hill
93%
1 Jefferson
91%
5 Chase
84%
9 St. Brown
80%
3 Adams
77%
7 Brown
76%
4 Kupp
65%
6 Diggs
64%
8 Metcalf
57%
10 Evans
47%
12 Hopkins
45%
11 Wilson
43%
14 Higgins
30%
13 Lockett
26%
15 Godwin
24%
No matching quizzes found
Score Distribution
Percent of People with Each Score
Percentile by Number Answered
Your Score History
You have not taken this quiz